| 000 | 00552nam a22001935b 4500 | ||
|---|---|---|---|
| 001 | 00000000098139 | ||
| 003 | OSt | ||
| 005 | 20130621084033.0 | ||
| 008 | 060201s1950 arg | |||||||| ||spa d | ||
| 040 |
_aBP-PM _cBMC |
||
| 082 | _a843.7 | ||
| 100 |
_aSand, George _d1804-1876 _9894 |
||
| 245 | 1 | 0 |
_aJuan de la Roca _cGeorge Sand ; [traducido del francés por Gabriel León Trilla] |
| 260 |
_aBuenos Aires _bEspasa-Calpe Argentina _c1950 |
||
| 300 |
_a213 p. _c18 cm |
||
| 490 |
_aAustral _v959 |
||
| 700 |
_aLeón Trilla, Gabriel _9446 |
||
| 942 |
_2ddc _cBK |
||
| 999 |
_c853 _d853 |
||